Verbrechen, Politik, Demokratie in Italien

Gespeichert in:  
Bibliographische Detailangaben
1. VerfasserIn: Silj, Alessandro (Verfasst von, BeteiligteR)
Beteiligte: Hausmann, Ulrich
Medienart: Druck Buch
Sprache:Deutsch
Veröffentlicht: Frankfurt am Main Suhrkamp 1998
In:Jahr: 1998
Ausgabe:1. Aufl.
Online-Zugang: Inhaltsverzeichnis
Bestand in Tübingen:In Tübingen vorhanden.
IFK: F VII 144
Verfügbarkeit prüfen: HBZ Gateway
Subito Bestelldienst: Jetzt bestellen.
Schlagwörter:

MARC

LEADER 00000cam a2200000 c 4500
001 213156326
003 DE-627
005 20240907114032.0
007 tu
008 960729s1998 gw ||||| 00| ||ger c
015 |a 98,A29,1344  |2 dnb 
016 7 |a 953673685  |2 DE-101 
020 |a 3518119117  |c  : DM 27.80 (kart.)  |9 3-518-11911-7 
035 |a (DE-627)213156326 
035 |a (DE-576)065553500 
035 |a (DE-599)GBV213156326 
035 |a (OCoLC)39877930 
035 |a (OCoLC)39877930 
035 |a (AT-OBV)AC02311531 
035 |a (DE-604)8120207451 
035 |a (DE-H357)his7200 
040 |a DE-627  |b ger  |c DE-627  |e rakwb 
041 |a ger  |h ita 
044 |c XA-DE-HE 
082 0 4 |a 63  |q dnb 
084 |a GESCH 722  |2 sfb 
084 |a 63  |2 sdnb 
084 |a MG 62096  |2 rvk  |0 (DE-625)rvk/122853:12055 
084 |a NQ 8200  |2 rvk  |0 (DE-625)rvk/128948: 
084 |a MG 62030  |2 rvk  |0 (DE-625)rvk/122853:12037 
084 |a 15.67  |2 bkl 
084 |a 15.38  |2 bkl 
100 1 |a Silj, Alessandro  |4 aut 
240 1 0 |a Malpaese <dt.> 
245 1 0 |a Verbrechen, Politik, Demokratie in Italien  |c Alessandro Silj. Aus dem Ital. von Ulrich Hausmann 
250 |a 1. Aufl. 
264 1 |a Frankfurt am Main  |b Suhrkamp  |c 1998 
300 |a 388 S.  |c 18 cm 
336 |a Text  |b txt  |2 rdacontent 
337 |a ohne Hilfsmittel zu benutzen  |b n  |2 rdamedia 
338 |a Band  |b nc  |2 rdacarrier 
490 0 |a Edition Suhrkamp  |v 1911 = N.F., 911 
500 |a Literaturangaben 
583 1 |a Archivierung/Langzeitarchivierung gewährleistet  |f SLG  |x XA-DE-BW  |z BfZ  |2 pdager  |5 DE-24 
648 7 |a Geschichte 1943-1994  |2 gnd 
689 0 0 |d g  |0 (DE-588)4027833-5  |0 (DE-627)106283235  |0 (DE-576)208972501  |a Italien  |2 gnd 
689 0 1 |a z  |2 gnd  |a Geschichte 1943-1994 
689 0 |5 DE-101 
689 1 0 |a z  |2 gnd  |a Geschichte 1943-1994 
689 1 |5 (DE-627) 
700 1 |a Hausmann, Ulrich  |4 oth 
700 1 2 |a Silj, Alessandro  |t Malpaese <dt.> 
856 4 2 |u https://swbplus.bsz-bw.de/bsz065553500inh.htm  |m B:DE-576;DE-24  |q application/pdf  |v 20081219144314  |x Verlag  |3 Inhaltsverzeichnis  |7 1 
935 |i Blocktest 
936 r v |a MG 62096  |b Politisches Verbrechen, Terror, Gewalt  |k Politologie  |k Politische Systeme einzelner Länder  |k Europa, Nordamerika  |k Südeuropa  |k Italien  |k Formen politischer Auseinandersetzung  |k Politisches Verbrechen, Terror, Gewalt  |0 (DE-627)1271555417  |0 (DE-625)rvk/122853:12055  |0 (DE-576)201555417 
936 r v |a NQ 8200  |b Italien  |k Geschichte  |k Geschichte seit 1918  |k Geschichte auswärtiger Staaten seit 1945  |k Südeuropa  |k Italien  |0 (DE-627)1271311429  |0 (DE-625)rvk/128948:  |0 (DE-576)201311429 
936 r v |a MG 62030  |b Historische Zusammenhänge  |k Politologie  |k Politische Systeme einzelner Länder  |k Europa, Nordamerika  |k Südeuropa  |k Italien  |k Politisches System (insgesamt)  |k Historische Zusammenhänge  |0 (DE-627)127152869X  |0 (DE-625)rvk/122853:12037  |0 (DE-576)20152869X 
936 b k |a 15.67  |j Italien  |x Geschichte  |0 (DE-627)181569728 
936 b k |a 15.38  |j Europäische Geschichte nach 1945  |q coli-conc RVK->BK  |q https://coli-conc.gbv.de/api/mappings/dc07a425-f0e6-47c6-ace8-6416f5319537  |0 (DE-627)181569671 
951 |a BO 
ELC |b 1 
LOK |0 000 xxxxxcx a22 zn 4500 
LOK |0 001 3244828574 
LOK |0 003 DE-627 
LOK |0 004 213156326 
LOK |0 005 20010517000000 
LOK |0 008 980729||||||||||||||||ger||||||| 
LOK |0 040   |a DE-21-110  |c DE-627  |d DE-21-110 
LOK |0 852   |a DE-21-110 
LOK |0 852 1  |c F VII 144  |m p  |9 00 
LOK |0 935   |a k110 
LOK |0 936ln  |a 2.3 
LOK |0 938   |k p 
LOK |0 939   |a 29-07-98  |b l01 
ORI |a SA-MARC-krimdoka001.raw 
SIG |a IFK: F VII 144 
TIM |a 100019430101_100019941231  |b Geschichte 1943-1994